| 000 | 00853na a2200253 4500 | ||
|---|---|---|---|
| 001 | 18716 | ||
| 003 | MIRAKIL | ||
| 005 | 20181213155042.0 | ||
| 008 | 161125b tu 000 0 | ||
| 040 |
_aMilas _btur _cTR-AnCHP |
||
| 041 | _atur | ||
| 082 |
_a346.4940269 _bA49m 1980 |
||
| 090 | _a346.4940269 A49m 1980 | ||
| 100 | _aAkyol, Şener | ||
| 245 |
_aMedeni hukukla ilgili İsviçre Federal Mahkemesi kararları _b(BGE 38 II- BGE 47 II) _cŞener Akyol |
||
| 260 |
_aİstanbul _bİstanbul Üniversitesi Hukuk Fakültesi _c1980 |
||
| 300 |
_axxiii, 240 s. _c25 sm. |
||
| 440 |
_aİstanbul Üniversitesi Yayınları _v2245 |
||
| 490 |
_aHukuk Fakültesi Yayınları _v504 |
||
| 504 | _aDizin var. | ||
| 610 |
_aİsviçre Federal Mahkemesi _xMedeni hukuk _yKararlar |
||
| 650 |
_aMedeni hukuk _xMahkeme kararları _zİsviçre |
||
| 942 |
_2ddc _cBKS |
||
| 999 |
_c5620 _d5620 |
||